1375 1946 1681 1847 1970 1578 1796 1610 1269 1497 1726 1376 1743 1472 1855 1334 1926 1832 1021 1895 1663 1345 1350 1199 1696 1930 1289 1181 1040 1863 1662 1126 1476 1194 1636 1487 1562 1758 1788 1532 1654 1907 1767 1976 1742 1703 1033 1991 1787 1006 1274 1721 1326 1748 1437 1599 1741 1033 1593 1314 1846 1738 1846 1388 1914 1054 1889 1023 1254 1329 1051 1782 1433 1298 1825 1361 1629 1550 1828 1106 1333 1929 1937 1436 1724 1882 1694 1567 1479 1153 1477 1974 1612 1580 1462 1180 1848 1015 1062 BCNSPRNW ULIB Ver.6.0+V

เปลี่ยนเป็นภาษาไทย

Change to English
 แสดงรายละเอียดบรรณานุกรม
  กลับหน้าหลัก

Brief Record : Get Marc (ISO 2709) : E-mail record : QR code < ปิดหน้าต่าง
LEADER : 00000nam 2200000uu 4500
001    13399121454
003     ULIB
008    110609s2546 th 000 1 tha d
020    ^a9789749167588
090    ^aรส^bส182ก 2546
100 0  ^aสถาพร ศรีสัจจา
245 10 ^aก่อนไปสู่ภูเขาและงานคัดสรร /^cสถาพร ศรีสัจจา, พนมนันทพฤกษ์
250    ^aพิมพ์ครั้งที่ 1
260    ^aกรุงเทพฯ :^bมูลนิธิสถาบันวิชาการ 14 ตุลา,^c2546
300    ^a148 หน้า ;^c21 ซม.
490 0  ^aหนังสือชุด''ตุลาวรรณกรรม''
500    ^aฉลองครบรอบ 30 ปี 14 ตุลา : 2516-2546 ร่วมวาระประวัติศาสตร์''''วัน 14 ตุลา ประชาธิปไตย''''
650  4 ^aเรื่องสั้นไทย^xรวมเรื่อง
650  4 ^aเรื่องสั้นไทย
650  4 ^aกวีนิพนธ์
650  4 ^aกวีนิพนธ์ไทย
700 0  ^aพนม นันทพฤกษ์
710 2  ^aมูลนิธิสถาบันวิชาการ 14 ตุลา
945    ^p0^l0^i14369
995    ^aกัณชพร
999    ^aกัณชพร
รายการนี้ยังไม่มีแท็ก
คุณยังไม่ได้ล็อกอิน คุณสามารถมีกิจกรรมร่วมกับเว็บไซต์ได้ แต่ต้องล็อกอินก่อน ::
  ล็อกอิน

รายการสื่อสารสนเทศ

ลำดับที่ ประเภท เลขเรียก/บาร์โค้ด สถานที่ สถานะ
1. นวนิยาย
นวนิยาย
รส ส182ก 2546  
  Barcode: 14369
ห้องสมุดวิทยาเขตสวรรค์ประชารักษ์
►นวนิยาย
บนชั้น
  ขอยืม

รายการใกล้เคียง
    หัวเรื่อง [เรื่องสั้นไทย]
    หัวเรื่อง [กวีนิพนธ์]
    หัวเรื่อง [กวีนิพนธ์ไทย]

BibComment


ยังไม่เคยถูกคอมเมนท์

คอมเมนท์ทรัพยากรรายการนี้
  คอมเมนท์: ก่อนไปสู่ภูเขาแล..


 Copyright 2026. Bcnsprnw @Library